MARC-Details
| 000 -Satzkennung |
| Kontrollfeld mit fester Länge |
02480nam a2200481 c 4500 |
| 001 - Kontrollnummer |
| Kontrollfeld |
1321031203 |
| 003 - Kontrollnummer Identifier |
| Kontrollfeld |
DE-101 |
| 005 - Datum und Zeit der letzten Transaktion |
| Kontrollfeld |
20240606124117.0 |
| 007 - Feld mit fester Länge zur physischen Beschreibung - Allgemeine Information |
| Kontrollfeld mit fester Länge |
tu |
| 008 - Feld mit fester Länge zur physischen Beschreibung - Allgemeine Angaben |
| Kontrollfeld mit fester Länge |
240220s2023 gw ||||| |||| 00||||pol |
| 015 ## - Nummer der Nationalbibliografie |
| Nummer der Nationalbibliografie |
24,B23 |
| Quelle |
dnb |
| 016 7# - Kontrollnummer der nationalbibliografischen Agentur |
| Quelle |
DE-101 |
| Datensatzkontrollnummer |
1321031203 |
| 020 ## - Internationale Standardbuchnummer |
| Bezugsbedingungen |
Broschur |
| 035 ## - Systemkontrollnummer |
| System-Kontrollnummer |
(DE-599)DNB1321031203 |
| 035 ## - Systemkontrollnummer |
| System-Kontrollnummer |
(OCoLC)1437791337 |
| 040 ## - Katalogisierungsquelle |
| Original-Katalogisierungsstelle |
1180 |
| Katalogisierungssprache |
ger |
| Übertragungsstelle |
DE-101 |
| Bearbeitungsstelle |
DE-2950 |
| Beschreibungsfestlegungen |
rda |
| 041 ## - Sprachcode |
| Sprachcode des Textes/der Tonspur oder des separaten Titels |
pol |
| Sprachcode der Original- und/oder Zwischenübersetzung des Textes |
ger |
| 044 ## - Ländercode der veröffentlichenden/herstellenden Stelle |
| ISO-Ländercode |
XA-DE |
| 082 74 - Notation nach der Dewey Decimal Classification |
| Feldverknüpfung und Reihenfolge |
3\p |
| Notation |
430 |
| -- |
830 |
| -- |
891.8 |
| Zuweisende Stelle |
DE-101 |
| Ausgabenummer |
23sdnb |
| 084 ## - Andere Notation |
| Notation |
AL 52671 |
| IDN des Normdatensatzes oder Standardnummer |
(DE-625)3639:586 |
| Quelle der Nummer |
rvk |
| 130 0# - Haupteintragung - Einheitstitel |
| Einheitstitel |
10 Jahre Karl Dedecius Stiftung |
| 245 10 - Titel |
| Titel |
10 lat Fundacji im. Karla Dedeciusa : |
| Zusatz zum Titel |
wspomnienia i perspektywy / |
| Verfasserangabe etc. |
Redakcja: Ilona Czechowska, Małgorżata Szajbel-Keck ; tłumaczenie: Jacek Dąbrowski, Slawa Lisiecka |
| 264 #1 - Produktion, Veröffentlichung, Distribution, Herstellung und Urheberrechtsvermerk |
| Herstellungs-, Veröffentlichungs- Vertriebs-, Erzeugungsort |
Frankfurt (Oder): |
| Produzent, Herausgeber, Distributor, Hersteller |
Europa-Universität Viadrina, |
| Datum der Herstellung, der Veröffentlichung, des Vertriebs oder des Urheberschutzvermerks |
[2023] |
| 300 ## - Physische Beschreibung |
| Umfang |
100 Seiten: |
| Andere physische Details |
Illustrationen; |
| Maße |
21 cm |
| 336 ## - Inhaltstyp |
| Inhaltstypterm |
Text |
| Inhaltstypcode |
txt |
| Quelle |
rdacontent |
| 337 ## - Medientyp |
| Bezeichnung des Medientyps |
ohne Hilfsmittel zu benutzen |
| Medientypcode |
n |
| Quelle |
rdamedia |
| 338 ## - Datenträgertyp |
| Datenträgertypbezeichnung |
Band |
| Datenträgertypcode |
nc |
| Quelle |
rdacarrier |
| 490 1# - Gesamttitelangabe |
| Gesamttitelangabe |
Universitätsschriften / Europa-Universität Viadrina, Frankfurt (Oder); |
| Bandnummer/Folgebezeichnung |
Sonderausgabe |
| 650 #7 - Nebeneintragung unter einem Schlagwort - Sachschlagwort |
| IDN des Normdatensatzes oder Standardnummer |
(DE-588)4016928-5 |
| -- |
https://d-nb.info/gnd/4016928-5 |
| -- |
(DE-101)040169286 |
| Sachschlagwort oder geografischer Name als Eintragungselement |
Festschrift |
| Quelle der Ansetzung oder des Terms |
gnd |
| 650 #7 - Nebeneintragung unter einem Schlagwort - Sachschlagwort |
| IDN des Normdatensatzes oder Standardnummer |
(DE-588)4143413-4 |
| -- |
https://d-nb.info/gnd/4143413-4 |
| -- |
(DE-101)041434137 |
| Sachschlagwort oder geografischer Name als Eintragungselement |
Aufsatzsammlung |
| Quelle der Ansetzung oder des Terms |
gnd |
| 653 ## - Indexierungsterm - Nicht normiert |
| Nicht-normierter Term |
Dedecius, Karl; Philologe, Linguist, Übersetzer, Schriftsteller, Herausgeber, Essayist, Versicherungsdirektor, 1921-2016 |
| 653 ## - Indexierungsterm - Nicht normiert |
| Nicht-normierter Term |
Karl Dedecius Stiftung |
| 655 #7 - Indexierungsterm - Genre/Form |
| IDN des Normdatensatzes oder Standardnummer |
(DE-588)4143413-4 |
| -- |
https://d-nb.info/gnd/4143413-4 |
| -- |
(DE-101)041434137 |
| Genre/Form oder fokussierter Term |
Aufsatzsammlung |
| Quelle der Ansetzung oder des Terms |
gnd-content |
| 700 1# - Nebeneintragung - Personenname |
| Feldverknüpfung und Reihenfolge |
1\p |
| IDN des Normdatensatzes oder Standardnummer |
(DE-588)1141686414 |
| -- |
https://d-nb.info/gnd/1141686414 |
| -- |
(DE-101)1141686414 |
| Personenname |
Czechowska, Ilona |
| Datumsangaben in Verbindung mit einem Namen |
1981- |
| Funktionsbezeichnung |
Herausgeber |
| Code für Beziehungskennzeichnung |
edt |
| 710 2# - Nebeneintragung - Körperschaftsname |
| Feldverknüpfung und Reihenfolge |
2\p |
| IDN des Normdatensatzes oder Standardnummer |
(DE-588)1319204295 |
| -- |
https://d-nb.info/gnd/1319204295 |
| -- |
(DE-101)1319204295 |
| Körperschafts- oder Gebietskörperschaftsname als Eintragungselement |
Karl-Dedecius-Stiftung |
| Funktionsbezeichnung |
Gefeierter |
| Code für Beziehungskennzeichnung |
hnr |
| 810 2# - Nebeneintragung unter dem Gesamttitel - Körperschaftsname |
| Körperschafts- oder Gebietskörperschaftsname als Eintragungselement |
Europa-Universität Viadrina Frankfurt (Oder) |
| Code für Beziehungskennzeichnung |
aut |
| Titel eines Werkes |
Universitätsschriften |
| Bandnummer/Folgebezeichnung |
Sonderausgabe |
| Datensatzkontrollnummer |
(DE-101)018023940 |
| -- |
(DE-600)1293599-2 |
| Koha-Normdatenidentnummer |
49999so |
| Kontrollunterfeld |
as |
| 856 42 - Elektronische Adresse und Zugriff |
| Kontaktstelle für Hilfe beim Zugriff |
B:DE-101 |
| Elektronisches Format |
application/pdf |
| URL |
<a href="https://d-nb.info/1321031203/04">https://d-nb.info/1321031203/04</a> |
| Spezifische Materialangaben |
Inhaltsverzeichnis |
| 883 2# - Maschinell generierte Metadatenprovenienz |
| Feldverknüpfung und Reihenfolge |
1\p |
| Generierungsprozess |
dnb |
| Erstellungsdatum der Kopie |
20240524 |
| Einrichtung, welche die Kopien erstellt hat |
DE-101 |
| URL |
https://d-nb.info/provenance/plan#dnb |
| 883 2# - Maschinell generierte Metadatenprovenienz |
| Feldverknüpfung und Reihenfolge |
2\p |
| Generierungsprozess |
dnb |
| Erstellungsdatum der Kopie |
20240524 |
| Einrichtung, welche die Kopien erstellt hat |
DE-101 |
| URL |
https://d-nb.info/provenance/plan#dnb |
| 883 2# - Maschinell generierte Metadatenprovenienz |
| Feldverknüpfung und Reihenfolge |
3\p |
| Generierungsprozess |
dnb |
| Erstellungsdatum der Kopie |
20240528 |
| Einrichtung, welche die Kopien erstellt hat |
DE-101 |
| URL |
https://d-nb.info/provenance/plan#dnb |
| 942 ## - Zusätzliche Felder (Koha) |
| Klassifikation oder Aufstellungssystematik |
Andere/Generische Klassifikation |
| Koha-Medientyp |
Bücher |